| 000 | 00723 a2200169 4500 | ||
|---|---|---|---|
| 020 | _a3540441212 | ||
| 082 | _a352.38028 | ||
| 090 |
_c7427 _d7427 |
||
| 100 | _aTraunmuller, R. (Roland) | ||
| 110 | _aLenk, Klaus | ||
| 245 |
_aElectronic government _bfirst international conference, EGOV 2002, Aix-en-Provence, France, September 2-6, 2002 : proceedings _cTraunmuller, R. (Roland) |
||
| 260 |
_aUSA _bSpringer _c2002 |
||
| 300 |
_axiii, 486 p. ; _bill.; _c24 cm. |
||
| 500 | _aIncludes bibliographical references and index | ||
| 650 | _a1. Internet in public administration--Congresses. 2. Electronic government information--Congresses. 3. Information technology--Political aspects--Congresses. | ||
| 942 |
_cBK _k352.38028 TRA |
||
| 999 |
_c11230 _d11230 |
||